LEADER 01463nam 2200445 450 001 9910317659403321 005 20210210025014.0 035 $a(CKB)4100000004754652 035 $a(MiAaPQ)EBC5425728 035 $a(WaSeSS)IndRDA00120461 035 $a(MiAaPQ)EBC6424144 035 $a(Au-PeEL)EBL6424144 035 $a(OCoLC)1228036403 035 $a(OCoLC)1105452359 035 $a(FlNmELB)ELB78790 035 $a(EXLCZ)994100000004754652 100 $a20200604d2018 uy 0 101 0 $aspa 135 $aurcnu|||||||| 181 $2rdacontent 182 $2rdamedia 183 $2rdacarrier 200 00$aAntologi?a del pensamiento cri?tico panamen?o contempora?neo /$fcoordinadores, Marco A. Ganda?segui [and twenty-three others] 210 1$aBuenos Aires, Argentina :$cCLACSO,$d2018. 215 $a1 online resource (480 pa?ginas) 225 1 $aAntologi?as del Pensamiento Social Latinoamericano y Cariben?o 311 $a987-722-314-7 410 0$aAntologi?as del pensamiento social latinoamericano y cariben?o. 606 $aNationalism$zPanama 607 $aPanama$xSocial conditions 608 $aElectronic books. 615 0$aNationalism 676 $a320.54 702 $aGanda?segui$b Marco A.$chijo, 801 0$bWaSeSS 801 1$bWaSeSS 906 $aBOOK 912 $a9910317659403321 996 $aAntologi?a del pensamiento cri?tico panamen?o contempora?neo$91893609 997 $aUNINA LEADER 01837nam0 22003611i 450 001 UON00463518 005 20231205105134.458 010 $a88-975238-9-7 010 $a978-88-975238-9-5 100 $a20160120d2015 |0itac50 ba 101 $aita 102 $aIT 105 $a|||| ||||| 200 1 $aCarmelo Bene fra teatro e spettacolo$fSalvatore Vendittelli$ga cura di Armando Petrini - Torino$eAccademia University Press, c2015 210 $aXIV$d153 p.$cill. ; 21 cm. 316 $a"aa 23/24"$5IT-UONSI S.CTesti EsameCARM 410 1$1001UON00466302$12001 $aMimesis Journal Books$v6 606 $aBene Carmelo$3UONC046107$2FI 620 $aIT$dTorino$3UONL000014 676 $a792.015$cRappresentazioni sceniche. Critica e giudizio$v21 700 1$aVendittelli$bSalvatore$3UONV230881$0719865 702 1$aPetrini$bArmando$3UONV230882 712 $aAccademia University Press$3UONV285003$4650 801 $aIT$bSOL$c20250606$gRICA 856 4 $uhttps://books.openedition.org/aaccademia/852$zIn open access 856 4 $uhttp://digital.casalini.it/9788897523901$zhttp://digital.casalini.it/9788897523901 899 $aSIBA - SISTEMA BIBLIOTECARIO DI ATENEO$2UONSI 912 $aUON00463518 950 $aSIBA - SISTEMA BIBLIOTECARIO DI ATENEO$dSI S.C Testi Esame CARM $eSI 16670 7 "aa 23/24" 951 $aSIBA - SISTEMA BIBLIOTECARIO DI ATENEO$bSI2016101 1J 20160120 951 $aSIBA - SISTEMA BIBLIOTECARIO DI ATENEO$bSI20211619 1J 20211210 996 $aCarmelo Bene fra teatro e spettacolo$91398086 997 $aUNIOR